PAF Bomber Operations 1965 & 1971 Wars (Record no. 298466)
[ view plain ]
| 000 -LEADER | |
|---|---|
| fixed length control field | 00279 a2200109 4500 |
| 001 - CONTROL NUMBER | |
| control field | 63393 |
| 082 ## - DEWEY DECIMAL CLASSIFICATION NUMBER | |
| Classification number | 954.9358 RAF |
| 090 ## - LOCALLY ASSIGNED LC-TYPE CALL NUMBER (OCLC); LOCAL CALL NUMBER (RLIN) | |
| -- | 37445 |
| -- | 37445 |
| 100 ## - MAIN ENTRY--PERSONAL NAME | |
| Personal name | Rais A Rafi, Air Cdre |
| 245 ## - TITLE STATEMENT | |
| Title | PAF Bomber Operations 1965 & 1971 Wars |
| 260 ## - PUBLICATION, DISTRIBUTION, ETC. | |
| Place of publication, distribution, etc. | Masroor |
| Name of publisher, distributor, etc. | PAF Book Club |
| Date of publication, distribution, etc. | 1985 |
| 942 ## - ADDED ENTRY ELEMENTS (KOHA) | |
| Institution code [OBSOLETE] | NUST-CAE |
| Call number prefix | 954.9358 RAF |
| Withdrawn status | Lost status | Damaged status | Not for loan | Collection code | Permanent Location | Current Location | Date acquired | Total Checkouts | Full call number | Barcode | Date last seen | Price effective from | Koha item type |
|---|---|---|---|---|---|---|---|---|---|---|---|---|---|
| College of Aeronautical Engineering (CAE) | College of Aeronautical Engineering (CAE) | 04/03/2017 | 954.9358 RAF | CAEG-5498 | 04/05/2017 | 04/05/2017 | Book |
